000 00547nam a2200205Ia 4500
005 20260415160335.0
008 008 250505s9999 xx 000 0 eng d
037 _aTextual
040 _aFEDL
_beng
_cFEDL
041 _aeng
_2eng
084 _a370 GAN
_qFEDL
100 _aGandhi Mahatma
245 0 _aTo the students
260 _aKarachi
_bAnand T. Hingorani
_c1935
300 _axvi,343p.
490 _aGandhi series. Vol 1
650 _aEducation
942 _cTEXL
_h370 GAN
999 _c1321871
_d1321871